000 00919nam a2200265 a 4500
003 MX-MxUPN
005 20240913064007.0
008 190807s1980 mx r 000 0 spa d
020 _a9686050283
035 _aUPN01000231840
040 _aMX-MxUPN
_bspa
_cMX-MxUPN
041 0 _aspa
050 1 4 _aPQ7389 M2
_bZ378 1980
100 1 _aMartí, José,
_d1853-1895
_929034
245 1 0 _aAntología de José Martí
250 _aTercera edición.
260 _aMéxico, D.F. :
_bOasis,
_c1980.
300 _a231 páginas
490 0 _aColección Pensamiento de América ;
_v12
505 0 _tLa pasión de América --
_tLa edad de oro (Nueva York, 1889) --
_tVerso --
_tLa pasión de Cuba --
_tPáginas póstumas.
600 1 7 _aMartí, José,
_d1853-1895 -
_vColecciones de escritos
_2
_926845
700 1 _aMagdaleno, Mauricio,
_d1906-1986
_ecompilador
_eprologuista
_929096
942 _2lcc
_cLIBRO
999 _c203935
_d203935